Estadísticas de la Educación 2010

Uloženo v:
Podrobná bibliografie
Korporativní autor: Ministerio de Educación (Autor)
Médium: Kniha
Jazyk:španělština
Vydáno: Santiago Ministerio de Educación 2010
Témata:
Tagy: Přidat tag
Žádné tagy, Buďte první, kdo vytvoří štítek k tomuto záznamu!

MARC

LEADER 00000cam a2200000 a 4500
001 UCF5606
003 CL-VaPUC
008 130318e20100000CL |||||||||||||||||spa|d
020 |a 9789562923644 
082 0 4 |a 379.983  |b MIN  |2 21 
110 2 |a Ministerio de Educación  |e author  |9 567566 
245 1 0 |a Estadísticas de la Educación 2010 
300 |a 156 p 
942 |c BK 
945 |d 20130318 00:00:00  |a dcastane 
260 |a Santiago  |b Ministerio de Educación  |c 2010 
650 0 |a Estadísticas educacionales  |9 331921 
650 0 |a Educación básica   |9 224933 
650 0 |a Educación superior   |9 223851 
583 |a last modification  |c 20131129 02:46:27  |k Rodrigo Vera 
999 |c 351098  |d 351096 
952 |0 0  |1 0  |4 0  |6 379_983000000000000_MIN_2010  |7 0  |8 P  |9 454985  |a BIBEDU  |b BIBEDU  |c BIBEDU_PB  |d 2019-11-22  |i 4949684  |o 379.983 MIN 2010  |p 4949684  |r 2024-01-25  |w 2019-11-22  |y BK  |k BME